The current problems in agriculture, food processing and waste management Nitra, Slovak Republic June 7 - 8, 2006

Bibliographic Details
Other Authors: Gálik, Roman, 1969- (Editor)
Format: Software eBook
Language:Slovak
English
PhysicalDescription:1 elektronický optický disk (CD-ROM) 12 cm
Published: Nitra Slovak Univerzity of Agriculture 2006
ISBN:8080697116
Edition:1.vyd.
Subjects:

MARC

LEADER 00000nam a2200000 a 4500
001 vtls008833255
003 SK-MaSNL
005 20260301205633.0
007 co cgu auuua
008 060725s2006 xo dsa 100 0 slo
015 |a SNBS2006 
020 |a 8080697116 
040 |a SNK  |b slo  |c SNK  |e AACR2 
041 0 |a eng 
044 |a xo  |c SK 
072 7 |a 63  |x Poľnohospodárstvo a príbuzné oblasti vedy a technik  |2 konspekt 
072 7 |a 628  |x Zdravotná technika. Úprava vody. Odpadové hospodárstvo. Svetelná technika  |2 konspekt 
080 |a 631.145  |2 2001 
080 |a 628.4.04:63  |2 2001 
080 |a 663/664  |2 2001 
080 |a (063)  |2 2001 
080 |a (0.034.44)  |2 2001 
245 0 4 |a The current problems in agriculture, food processing and waste management  |h elektronický zdroj  |b Nitra, Slovak Republic June 7 - 8, 2006  |c editors : Roman Gálik ... [et al.] 
250 |a 1.vyd. 
256 |a Elektronické dokumenty 
260 |a Nitra  |b Slovak Univerzity of Agriculture  |c 2006 
300 |a 1 elektronický optický disk (CD-ROM)  |c 12 cm 
650 0 7 |a poľnohospodárstvo  |2 SNKPH  |9 679 
650 0 7 |a poľnohospodársky odpad  |2 SNKPH  |9 23706 
650 0 7 |a potravinárstvo  |2 SNKPH  |9 678 
655 7 |a zborníky konferencií  |2 SNKPH  |9 70153 
655 7 |a CD-ROM  |2 SNKPH  |9 70236 
700 1 |a Gálik, Roman,  |d 1969-  |4 edt  |9 188648 
919 |a 80-8069-711-6 
999 |c 910896  |d 912826 
952 |a SNK  |b SNK  |y PREZ  |7 0  |p 17A0517340  |o snkSCDM 986  |i snk2006/14715  |8 0  |0 0  |1 0  |4 0  |d 2006-07-25  |l 0  |r 2026-02-24 07:42:48  |w 2026-02-24